00986nam a2200241Ia 4500001000600000003000900006008004100015040001300056040001300069041001300082100001600095100002900111245005700140245005600197250001100253260001100264260001300275260004900288300004100337500031900378650001600697650003100713E8217IT-RoPAU130308s9999 xx 000 0 und d aIT-RoPAU cIT-RoPAU aITALIANO aCorti Maria gCodice Aut. SPICS: 7780 aPer una enciclopedia della comunicazione letteraria bPer una Enciclopedia della Comunicazione Letteraria a1a ed. aMILANO bBompiani c1997 [1° Ed.:1997 - Ed.Ling.Originale:1997] a"120 p. (prefazione: 6; testo: 114)" aAvantesto. Intertestualità€. luoghi Mentali. mondi Possibili. Oralita'/Scrittura: tre Diversi Momenti Storici. Personaggi dell'immaginario e del Fantastico. Reale e Realismi. Questo Secondo Volume Offre una Piu' Vasta panoramica delle ricerche in Questo Campo Svoltesi nell'ultimo ventennio in Italia e nel Mondo. aLINGUISTICA eCodice materia Spics: 3201